| 000 | 01054cad a2200253 4500 | ||
|---|---|---|---|
| 001 | L158864 | ||
| 008 | 100215n2013 000 0 eng u | ||
| 020 | _a9781783210305 | ||
| 035 | _a(Sirsi) u158864 | ||
| 041 | _aeng | ||
| 100 | 1 | _aAghaegbuna, Ozumba | |
| 111 | 2 |
_aConstruction and Building Research Conference _cIIT Delhi, New Delhi _d10-12 September 2013 |
|
| 245 | 0 | 0 |
_aInvestigating barriers to ICT adoption in site management _bA pilot case study in South Africa _h[electronic resource] |
| 260 |
_aLondon _bRICS _c2013 |
||
| 490 | 0 |
_aCOBRA _v2013 |
|
| 520 | _aA paper presented at the COBRA Conference in New Delhi on 10-12 September 2013. Concerns itself with the construction industry's challenges in the adoption of ICT with a focus on construction site management in the context of South Africa. | ||
| 650 | 2 | 4 | _aCONSTRUCTION AND BUILDING RESEARCH CONFERENCE (COBRA) |
| 650 | 2 | 4 | _aICT |
| 650 | 2 | 4 | _aSITE MANAGEMENT |
| 651 | 4 | _aSouth Africa | |
| 690 |
_aConstruction management _96230 |
||
| 700 | 1 | _aWinston, Shakantu | |
| 942 | _n0 | ||
| 999 |
_c115553 _d115553 |
||